000 00620nam a2200217Ia 4500
005 20240430125453.0
008 131103s9999 xx 000 0 und d
020 _a8173915385
_c900.00
040 _aLoreto College
041 _aEnglish
082 _a371.42
_bSHR
100 _aShrivastava, K. K.
245 _aPrinciples of Guidance and Counselling
_cK.K. Shrivastava
260 _aNew Delhi
_bKanishka Publishers
_c2007
300 _axx,428p
504 _aInclludes bibliographical references and index
650 _aEducation
651 _aStudent Guidance and Counselling
850 _aLCBED
942 _cBK
999 _c25935
_d76414